Name the Indian Authors and Poets #1 - Statistics

General Stats
  • This quiz has been taken 52 times
  • The average score is 7 of 12
Answer Stats
Picture Hint Answer % Correct
Gitanjali Rabindranath Tagore
90%
The God of Small Things Arundhati Roy
79%
Wings of Fire: An Autobiography APJ Abdul Kalam
77%
Midnight's Children Salman Rushdie
71%
The Room on the Roof Ruskin Bond
63%
The Great Indian Novel Shashi Tharoor
58%
The 3 Mistakes of My Life Chetan Bhagat
56%
Train to Pakistan Khushwant Singh
52%
Swami and Friends RK Narayan
52%
A Suitable Boy Vikram Seth
50%
The Namesake Jhumpa Lahiri
42%
The Shadow Lines Amitav Ghosh
35%
No matching quizzes found
Score Distribution
Percent of People with Each Score
Percentile by Number Answered
Your Score History
You have not taken this quiz